The cost of war and ways of reducing it suggested by economic theory: a lecture (Record no. 364790)

000 -LEADER
fixed length control field 00367cam a22001217a 4500
008 - FIXED-LENGTH DATA ELEMENTS--GENERAL INFORMATION
fixed length control field 180718b1915 xxu||||| |||| 00| 0 eng d
082 ## - DEWEY DECIMAL CLASSIFICATION NUMBER
Classification number N104 Ed37
100 ## - MAIN ENTRY--PERSONAL NAME
Personal name Edgeworth, F.Y.
245 ## - TITLE STATEMENT
Title The cost of war and ways of reducing it suggested by economic theory: a lecture
Statement of responsibility, etc. by F.Y. Edgeworth
260 ## - PUBLICATION, DISTRIBUTION, ETC.
Place of publication, distribution, etc. London
Name of publisher, distributor, etc. OUP
Date of publication, distribution, etc. 1915
300 ## - PHYSICAL DESCRIPTION
Extent 48p.
650 ## - SUBJECT ADDED ENTRY--TOPICAL TERM
Topical term or geographic name entry element War - Finance
Holdings
Withdrawn status Lost status Damaged status Not for loan Permanent Location Current Location Date acquired Full call number Barcode Date last seen Price effective from Koha item type
        Indian Institute of Public Administration Indian Institute of Public Administration 2010-01-18 N104 Ed37 A1425 2018-07-21 2018-07-21 A

Powered by Koha